Statistics for Lana Del Rey - Bel Air Lyrics

Click here to take the quiz!

General Stats

  • This quiz has been taken 24 times
  • The average score is 198 of 237

Answer Stats

Answer% Correct
be
100%
can
100%
I
100%
in
100%
me
100%
of
100%
Roses
100%
roses
100%
standing
100%
to
100%
wait
100%
you
100%
a
92%
Air
92%
baby
92%
been
92%
Bel
92%
can't
92%
Come
92%
Darling
92%
I've
92%
meet
92%
my
92%
see
92%
take
92%
the
92%
there
92%
waiting
92%
your
92%
Don't
85%
don't
85%
gate
85%
greet
85%
I'm
85%
it's
85%
afraid
77%
at
77%
front
77%
night
77%
out
77%
So
77%
tell
77%
ashamed
69%
but
69%
ever
69%
Gargoyles
69%
late
69%
light
69%
like
69%
more
69%
no
69%
okay
69%
shine?
69%
Walk
69%
wanna
69%
anyone
62%
bad
62%
direction
62%
For
62%
got
62%
kind
62%
love
62%
mine
62%
mine?
62%
Palm
62%
soft
62%
trees
62%
way
62%
with
62%
won't
62%
you're
62%
you've
62%
anywhere
54%
brilliant
54%
child
54%
Didn't
54%
divine
54%
door
54%
flair
54%
heaven's
54%
Idol
54%
know
54%
mad
54%
name
54%
resurrection
54%
Spotlight
54%
sunshine
54%
sweet
54%
Trying
54%
amour
46%
cheat
46%
Grenadine
46%
iconic
46%
Lead
46%
Mon
46%
run
46%
soul
46%
violentest
46%
war
46%
break
31%
heart
31%
this
31%

Score Distribution

Percentile by Number Answered

Percent of People with Each Score

Your Score History

You have not taken this quiz